Statistics for Funko Pop Movie Characters

Click here to take the quiz!

General Stats

  • This quiz has been taken 13 times
  • The average score is 5 of 10

Answer Stats

Answer% Correct
James Bond
82%
V
82%
Ace Ventura
73%
Gollum
73%
Vito Corleone
64%
General Grievous
55%
Jack Torrance
45%
Norman Bates
36%
Indiana Jones
27%
Audrey II
9%

Score Distribution

Percentile by Number Answered

Percent of People with Each Score

Your Score History

You have not taken this quiz